Federalism mature and emergent

Gespeichert in:
Bibliographische Detailangaben
1. Verfasser: MacMahon, Arthur W. (autor)
Format: Buch
Sprache:Englisch
Veröffentlicht: Nueva York Doubleday 1955
Schriftenreihe:Columbia University Bicentennial Conference
Schlagworte:
Tags: Tag hinzufügen
Keine Tags, Fügen Sie den ersten Tag hinzu!

MARC

LEADER 00000nam a2200000 a 4500
001 UCT6374
003 CL-VaPUC
008 970106e19550000US |||||||||||||||||eng|d
082 0 4 |a 321.02  |b MAC  |2 21 
100 |a MacMahon, Arthur W.  |e autor  |9 376503 
245 1 0 |a Federalism mature and emergent 
300 |a 557 p 
942 |c BK 
945 |d 19970106 00:00:00  |a lriquelm 
260 |a Nueva York  |b Doubleday  |c 1955 
650 0 |a Federalismo  |9 313886 
650 0 |a Ciencias Políticas  |9 255201 
650 7 |a SISTEMAS POLITICOS  |2 CL-VaPUC  |9 376504 
583 |a last modification  |c 19970106 00:00:00  |k Rodrigo Vera 
490 0 |a Columbia University Bicentennial Conference 
999 |c 255087  |d 255085 
952 |0 0  |1 0  |4 0  |6 321_020000000000000_MAC_1955  |7 0  |8 A  |9 277166  |a BIBDER  |b BIBDER  |d 2019-11-19  |i 1798928  |o 321.02 MAC 1955  |p 1798928  |r 2023-01-25  |w 2019-11-19  |y BK  |k DER